000 00307nam a2200121Ia 4500
008 151213s9999 xx 000 0 und d
245 _aOliver Twist
260 _aNew York
_bW.W Norton and Company
_c2003
300 _a5239 p.
650 _aEnglish Literature
650 _aEnglish Literature
999 _c3231
_d3231